Quizzes
Events
Quiz Creation
Community
Videos
Private Events
Remove Ads
Sign In
Join for FREE
Feedback
Dark Mode
Quiz Categories
Sports
Geography
Music
Movies
Television
Just For Fun
Miscellaneous
History
Literature
Language
Science
Gaming
Entertainment
Religion
Holiday
For Kids
Quiz Lab
Recent
Popular Today
Quiz Kudos Today
Editor Picks
Curator Picks
Quizzes by...
Day
Popularity
Type
Ratings
Length
Year
Community
Subscriptions
Recent Discussions
Orange Saloon
Badges
Playlists
Quests
Create
Leaderboards
Showdown
Live 5
Trivia Bingo
Activity
Puzzle Library
Sporcle Events
Private Events
Virtual Trivia
Globe League
Become a Host
Pub Owners
SporcleCon
Opinionation
Our Games
Videos
Blog
Mobile Apps
Partnerships
Remove Ads and Go Orange
Feedback
Music
Pop Music
The Beatles
Song
Album
Lyrics
Bands
Singers
Artist
Clip
Rock
Rap
Classical
Billboard
Country Music
Kpop
Taylor Swift
Music
Pop Music
The Beatles
Song
Album
Lyrics
Bands
Singers
Artist
Clip
Rock
Rap
Classical
Billboard
Country Music
Kpop
Taylor Swift
Random Quiz
Search Sporcle
×
Quiz Lab
Quiz Lab
Music
barrett
Type in answers that appear in a list
Type in answers that appear in a list
Classic
Best Score? Go Orange.
Pink Floyd's songs Stats
Can you name the Pink Floyd's songs?
By
DerTeckel
15m
141 Questions
60 Plays
60 Plays
60 Plays
Comments
Comments
Give Quiz Kudos
Give Quiz Kudos
-
- Ratings
hide this ad
More Info
Replay
Link that replays current quiz
Next Quiz
Link to next quiz in quiz playlist
You Got
0%
They Got
Avg Score
41%
Avg Friend Score
Upgrade to see
Score Distribution
Jump to the score distribution portion of the page
Score
0/141
Timer
15:00
0
Plays Today
Album
Song name
% Correct
The Dark Side of the Moon
Money
83.3%
Wish You Were Here
Wish You Were Here
83.3%
The Wall
Comfortably Numb
81.7%
The Dark Side of the Moon
Time
80%
The Wall
Another Brick in the Wall part I
80%
The Wall
Another Brick in the Wall part II
80%
The Wall
Another Brick in the Wall part III
80%
Wish You Were Here
Shine On You Crazy Diamond parts I-V
75%
Wish You Were Here
Shine On You Crazy Diamond parts VI-IX
75%
Wish You Were Here
Welcome to the Machine
71.7%
Animals
Dogs
71.7%
The Dark Side of the Moon
The Great Gig in the Sky
70%
Animals
Pigs (Three Different Ones)
70%
Animals
Sheep
70%
Wish You Were Here
Have a Cigar
68.3%
The Dark Side of the Moon
Us and Them
66.7%
The Dark Side of the Moon
Brain Damage
66.7%
The Dark Side of the Moon
Eclipse
66.7%
The Dark Side of the Moon
Breathe
65%
The Wall
Mother
65%
A Momentary Lapse of Reason
Learning to Fly
65%
The Dark Side of the Moon
On the Run
63.3%
The Wall
Hey You
63.3%
Meddle
Echoes
60%
The Wall
Young Lust
60%
Atom Heart Mother
Atom Heart Mother
58.3%
Meddle
One of These Days
58.3%
The Dark Side of the Moon
Speak to Me
58.3%
The Piper at the Gates of Dawn
Bike
56.7%
A Saucerful of Secrets
A Saucerful of Secrets
56.7%
Ummagumma
A Saucerful of Secrets
56.7%
The Dark Side of the Moon
Any Colour You Like
55%
The Wall
Run Like Hell
55%
The Wall
In the Flesh?
53.3%
The Wall
In the Flesh
53.3%
The Wall
The Trial
53.3%
The Wall
Goodbye Blue Sky
51.7%
The Division Bell
Keep Talking
51.7%
Animals
Pigs on the Wing I
50%
Animals
Pigs on the Wing II
50%
The Wall
Is There Anybody Out There?
50%
The Piper at the Gates of Dawn
Astronomy Domine
48.3%
Ummagumma
Astronomy Domine
48.3%
Ummagumma
Careful With That Axe, Eugene
48.3%
The Wall
Bring the Boys Back Home
48.3%
A Momentary Lapse of Reason
The Dogs of War
48.3%
Atom Heart Mother
If
46.7%
Album
Song name
% Correct
Meddle
San Tropez
46.7%
The Wall
Vera
46.7%
The Wall
Outside the Wall
46.7%
A Saucerful of Secrets
Set the Controls for the Heart of the Sun
45%
Ummagumma
Set the Controls for the Heart of the Sun
45%
Meddle
A Pillow of Winds
45%
The Piper at the Gates of Dawn
Interstellar Overdrive
43.3%
Meddle
Fearless
43.3%
Meddle
Seamus
43.3%
Obscured by Clouds
Obscured by Clouds
43.3%
A Saucerful of Secrets
Corporal Clegg
41.7%
A Saucerful of Secrets
Jugband Blues
41.7%
Soundtrack from the Film More
The Nile Song
41.7%
The Wall
The Thin Ice
41.7%
The Wall
Goodbye Cruel World
41.7%
The Wall
The Show Must Go On
41.7%
The Final Cut
Not Now John
41.7%
The Division Bell
Marooned
41.7%
Soundtrack from the Film More
Green is the Colour
40%
The Final Cut
The Final Cut
40%
The Piper at the Gates of Dawn
Lucifer Sam
38.3%
The Piper at the Gates of Dawn
Scarecrow
38.3%
A Saucerful of Secrets
Let There Be More Light
38.3%
Atom Heart Mother
Summer '68
38.3%
Atom Heart Mother
Alan's Psychedelic Breakfast
38.3%
The Wall
Waiting for the Worms
38.3%
The Division Bell
High Hopes
38.3%
Soundtrack from the Film More
Cymbaline
36.7%
Ummagumma
The Narrow Way parts I-III
36.7%
Ummagumma
The Grand Vizier's Garden Party parts I-III
36.7%
Atom Heart Mother
Fat Old Sun
36.7%
Obscured by Clouds
Childhood's End
36.7%
The Wall
The Happiest Days of Our Lives
36.7%
The Wall
Nobody Home
36.7%
The Division Bell
What Do You Want From Me
36.7%
The Piper at the Gates of Dawn
Take Up Thy Stethoscope and Walk
35%
Ummagumma
Sysyphus parts I-IV
35%
A Momentary Lapse of Reason
On the Turning Away
35%
A Momentary Lapse of Reason
Sorrow
35%
The Division Bell
Cluster One
35%
The Division Bell
Coming Back to Life
35%
The Piper at the Gates of Dawn
The Gnome
33.3%
A Saucerful of Secrets
Remember a Day
33.3%
Soundtrack from the Film More
Main Theme
33.3%
Obscured by Clouds
Wot's... Uh the Deal?
33.3%
The Wall
Empty Spaces
33.3%
The Division Bell
A Great Day for Freedom
33.3%
Album
Song name
% Correct
The Piper at the Gates of Dawn
Pow R. Toc H.
31.7%
Soundtrack from the Film More
Ibiza Bar
31.7%
Soundtrack from the Film More
A Spanish Piece
31.7%
Ummagumma
Grantchester Meadows
31.7%
The Wall
Don't Leave Me Now
31.7%
The Wall
Stop
31.7%
The Final Cut
The Fletcher Memorial Home
31.7%
The Division Bell
Take It Back
31.7%
A Momentary Lapse of Reason
Terminal Frost
30%
The Division Bell
Poles Apart
30%
The Piper at the Gates of Dawn
Matilda Mother
28.3%
A Saucerful of Secrets
See-Saw
28.3%
Soundtrack from the Film More
Cirrus Minor
28.3%
The Final Cut
The Post War Dream
28.3%
A Momentary Lapse of Reason
One Slip
28.3%
A Momentary Lapse of Reason
Yet Another Movie
28.3%
A Momentary Lapse of Reason
A New Machine part I
28.3%
A Momentary Lapse of Reason
A New Machine part II
28.3%
The Division Bell
Wearing the Inside Out
28.3%
The Piper at the Gates of Dawn
Chapter 24
26.7%
A Momentary Lapse of Reason
Signs of Life
26.7%
Soundtrack from the Film More
Dramatic Theme
25%
Obscured by Clouds
When You're In
25%
Obscured by Clouds
Free Four
25%
Obscured by Clouds
Stay
25%
The Wall
One of My Turns
25%
Obscured by Clouds
Burning Bridges
23.3%
The Division Bell
Lost for Words
23.3%
The Piper at the Gates of Dawn
Flaming
21.7%
The Final Cut
The Gunner's Dream
21.7%
Soundtrack from the Film More
Crying Song
20%
Soundtrack from the Film More
Up the Khyber
20%
Soundtrack from the Film More
Quicksilver
20%
The Final Cut
Two Suns in the Sunset
20%
Obscured by Clouds
Mudmen
18.3%
A Momentary Lapse of Reason
Round and Around
18.3%
Soundtrack from the Film More
Party Sequence
16.7%
Soundtrack from the Film More
More Blues
16.7%
Obscured by Clouds
Absolutely Curtains
16.7%
The Final Cut
Paranoid Eyes
16.7%
The Final Cut
Southampton Dock
16.7%
Obscured by Clouds
The Gold Is In The...
15%
The Final Cut
The Hero's Return
15%
The Final Cut
Your Possible Past
13.3%
The Final Cut
Get Your Filthy Hands Off My Desert
13.3%
The Final Cut
One of the Few
11.7%
Ummagumma
Several Spieces of Small Furry Animals Gathered Together in a Cave and Grooving with a Pict
5%
Quiz Playlist
Details
Report
Send in Message
Add To Playlist
More Info:
Name all songs made by the rock band Pink Floyd. Only songs from official albums are included.
Classic:
Type in answers that appear in a list
Last Updated: Feb 16, 2017
Quiz Scoreboard
CHALLENGE
Sign Up to Join the Scoreboard
Show All
Scores
Hide
Comments
May contain spoilers
Recently Published
Three Word 'G' Movies Match Up
by ddd62291
Movies
5m
NFL Player Resume by Logo III
by jimbaz
Sports
4m
Unbox the Countries of South America
by GeoEarthling
Geography
30s
More to Explore
Quiz From the Vault
Featured Blog Post
What’s the Difference Between Venom and Poison?
hide this ad
You Might Also Like...
Tags
barrett
gilmour
mason
Pink Floyd
Wright
Today's Top Quizzes in Music
Browse Music
hide this ad
Top Contributed Quizzes in Music
1
Taylor Swift All Songs (2024)
2
SMTOWN Murder Mystery Logic Quiz!
3
Taylor Swift Logic Puzzle
4
KPOP LOGIC QUIZ
5
aespa Songs Minefield
6
Taylor Swift: Logic Challenge
7
Guess The Taylor Swift Lyrics Song #1
8
6 Songs in 15: Taylor Swift
9
Britney Spears & YYT—'(I Got That) Boom Boom' Lyrics
10
Criteria: Musical Instruments
Explore More
Trending Topics
Anime
NBA
Harry Potter
Kpop
Marvel
Crossword
Disney
NFL
Country
Song
Puzzle
Pokémon
The Office
WWE
Soccer
hide this ad
More By:
DerTeckel
Quiz
Plays
Rating
Category
Featured
Created
Pink Floyd's songs
60
5.00
Music
Jan 6, 2011
Go to Creator's Profile
Score Distribution
Quiz Creator Spotlight
DerTeckel
Follow
Send a Message
Quizzes Created
-
Created Quiz Play Count
-
More By This Creator
Popular Quizzes Today
1
Find the US States - No Outlines Minefield
2
Three Word 'G' Movies Match Up
3
NFL Player Resume by Logo III
4
The Countries of the World
5
Unbox the Countries of South America
6
Find the US States
7
Countries of South America
8
Criteria Quickie: Cartoon Taxonomy
More Music Quizzes
Guess the Hamilton lyrics [28]
Quiz Lab
Trending Quizzes
Pride Flag Pick II
NFL Player Resume by Logo II
Speed Poker: 30 Hands in 60 Seconds
Three Word 'B' Movies Match Up
NFL Player Resume by Logo
Recently Updated
F. Scott Fitzgerald Novels
LTH
Pick 3 Villains
ddd62291
This, But Not That XII
gazzso
Queen Singles by Letter
pecheneg
MCU Movie by Villain
pecheneg
Who Owns What
pecheneg
Company Headquarters (US)
pecheneg
Renamed Companies
pecheneg
John Williams Oscar Noms
LTH
Big 4 Worst of the Decade (2010s)
Hejman
Trending Topics
NBA
Disney
Harry Potter
Marvel
Kpop
Anime
Crossword
Puzzle
Soccer
WWE
Pokémon
NFL
Song
Country
The Office
Your Account Isn't Verified!
In order to create a playlist on Sporcle, you need to verify the email address you used during registration. Go to your
Sporcle Settings
to finish the process.
Report this User
Report this user for behavior that violates our
Community Guidelines
.
Details:
Send Report
Go to the Sporcle.com Mobile Site →
Comments